| 000 | 005260000a22001930004500 | ||
|---|---|---|---|
| 041 | 0 | _aSPA | |
| 082 | 0 | 4 | _aG 294.3 T398s |
| 100 | 1 | _aThera, Narada | |
| 245 | 1 | 0 | _aSíntesis del Budismo / Narada Thera ; Héctor V. Moral, Traductor |
| 250 | _a2 | ||
| 260 | _aBuenos Aires, Argentina : Kier | ||
| 300 | _a107 Pag | ||
| 500 | _aTítulo original : Buddhism in a nutshell | ||
| 001 | 12101 | ||
| 942 | _cBK | ||
| 999 |
_c41130 _d41130 |
||
| 336 |
_atexto _btxt _2rdacontent |
||
| 337 |
_2rdamedia _asin mediación _bn |
||
| 338 |
_2rdacarrier _avolumen _bnc |
||